000 00499nam a2200181Ia 4500
005 20250508161640.0
008 008 250505s9999 xx 000 0 eng d
037 _aTextual
040 _aFEDL
_beng
_cFEDL
041 _aeng
_2eng
084 _a621.56, MAR
_qFEDL
100 _aMarsh R Warren
_9771184
245 0 _aPrinciples of refrigeration
260 _aNew York, USA
_bDelmar Publishers
_c1960
300 _a374p.
942 _cTEXL
_h621.56, MAR
999 _c1371331
_d1371331